Loading...
| Social Science | 0 | 6 | 1 | 4 | 55 | 119 | 136.33 | 3 | 6 | 2.02 | 32.14 |
| Philosophy | 0 | 5 | 0 | 2 | 50 | 86 | 124.00 | 0 | 5 | 7.55 | 27.78 |
| Literature - Poetry | 0 | 4 | 0 | 3 | 40 | 110 | 130.75 | 0 | 4 | 8.62 | 22.22 |
| Fine Arts - Other | 0 | 4 | 0 | 2 | 40 | 120 | 134.00 | 2 | 4 | 3.19 | 23.08 |
| Science - Physics | 0 | 4 | 1 | 1 | 35 | 67 | 89.75 | 3 | 4 | 13.41 | 38.89 |
| Religion | 1 | 2 | 0 | 0 | 35 | 86 | 88.67 | 0 | 3 | 15.96 | 21.43 |
| Short Fiction and Other | 0 | 3 | 0 | 1 | 30 | 98 | 128.67 | 1 | 3 | 6.85 | 22.22 |
| Fine Arts - Painting and Sculpture | 0 | 3 | 0 | 1 | 30 | 123 | 133.00 | 1 | 3 | 5.04 | 16.67 |
| Current Events | 0 | 2 | 0 | 1 | 20 | 97 | 114.50 | 1 | 2 | 7.20 | 21.43 |
| Mythology | 1 | 0 | 0 | 0 | 15 | 62 | 62.00 | 0 | 1 | 9.59 | 8.33 |
| Geography | 1 | 0 | 1 | 0 | 10 | 62 | 62.00 | 1 | 1 | 8.42 | 14.29 |
| History - American | 0 | 1 | 0 | 0 | 10 | 103 | 103.00 | 0 | 1 | 2.82 | 6.25 |
| History - Other | 0 | 1 | 0 | 0 | 10 | 85 | 85.00 | 1 | 1 | 9.31 | 20.00 |
| Literature - Long Fiction | 0 | 1 | 0 | 0 | 10 | 103 | 103.00 | 0 | 1 | 2.63 | 4.55 |
| Other Academic | 0 | 1 | 0 | 1 | 10 | 90 | 90.00 | 0 | 1 | 4.49 | 5.56 |
| Science - Chemistry | 0 | 1 | 0 | 0 | 10 | 113 | 113.00 | 0 | 1 | 2.21 | 5.56 |
| Science - Other | 0 | 1 | 0 | 0 | 10 | 97 | 97.00 | 0 | 1 | 4.31 | 6.25 |
| Fine Arts - Classical Music | 0 | 1 | 1 | 0 | 5 | 92 | 92.00 | 1 | 1 | 4.47 | 5.56 |
| Science - Biology | 0 | 1 | 1 | 1 | 5 | 116 | 116.00 | 0 | 1 | 1.90 | 5.56 |
| History - European | 0 | 0 | 1 | 0 | -5 | 0.00 | 0 | 0 | 0.00 | 0.00 | |
| History - World | 0 | 0 | 1 | 0 | -5 | 0.00 | 0 | 0 | 0.00 | 0.00 | |
| Literature - Drama | 0 | 0 | 1 | 0 | -5 | 0.00 | 0 | 0 | 0.00 | 0.00 |